000 00795cam a2200277 4500
008 090401t1998 xxu||||| |||| 00| 0 eng d
020 _a0471948578
035 _a(Sirsi) u89892
041 _aeng
050 _a333.70285
100 _aCho, George
245 _aGeographical information systems and the law : mapping the legal frontiers.
260 _aChichester
_bJohn Wiley and Sons
_c1998
300 _axix,337p. ; 23cm.
350 _a65
520 _aAn Australian book illustrated with case material from the UK, USA, Australia and New Zealand.
650 _aEVIDENCE
650 _aGIS
650 _aINTELLECTUAL PROPERTY
650 _aLIABILITY
650 _aPUBLIC ACCESS
650 _aUNITED STATES
690 _aLAND SURVEYING
942 _n0
948 _c24/11/1998
999 _c97514
_d97514